|
|
|
|
| LEADER |
02399nam a22004335i 4500 |
| 001 |
978-1-61091-406-2 |
| 003 |
DE-He213 |
| 005 |
20151204191126.0 |
| 007 |
cr nn 008mamaa |
| 008 |
151014s2015 xxu| s |||| 0|eng d |
| 020 |
|
|
|a 9781610914062
|9 978-1-61091-406-2
|
| 024 |
7 |
|
|a 10.5822/978-1-61091-406-2
|2 doi
|
| 040 |
|
|
|d GrThAP
|
| 050 |
|
4 |
|a NA2541
|
| 072 |
|
7 |
|a AMVD
|2 bicssc
|
| 072 |
|
7 |
|a ARC000000
|2 bisacsh
|
| 082 |
0 |
4 |
|a 720
|2 23
|
| 100 |
1 |
|
|a Barnett, Jonathan.
|e author.
|
| 245 |
1 |
0 |
|a Ecodesign for Cities and Suburbs
|h [electronic resource] /
|c by Jonathan Barnett, Larry Beasley.
|
| 264 |
|
1 |
|a Washington, DC :
|b Island Press/Center for Resource Economics :
|b Imprint: Island Press,
|c 2015.
|
| 300 |
|
|
|a VIII, 265 p. 132 illus.
|b online resource.
|
| 336 |
|
|
|a text
|b txt
|2 rdacontent
|
| 337 |
|
|
|a computer
|b c
|2 rdamedia
|
| 338 |
|
|
|a online resource
|b cr
|2 rdacarrier
|
| 347 |
|
|
|a text file
|b PDF
|2 rda
|
| 505 |
0 |
|
|a 1. Ecodesign: Changing the Urban Growth Model -- 2. Adapting to Climate Change and Limiting -- 3. Balancing Cars and Other Transportation -- 4. Making Cities More Livable and Environmentally Compatible -- 5. Designing and Managing the Public Realm -- 6. Implementing Ecodesign -- Art Credits -- Notes -- Index.
|
| 520 |
|
|
|a In six comprehensively illustrated chapters, the authors explain ecodesign concepts, including the importance of preserving and restoring natural systems while also adapting to climate change; minimizing congestion on highways and at airports by making development more compact, and by making it easier to walk, cycle and take trains and mass transit; crafting and managing regulations to insure better placemaking and fulfill consumer preferences, while incentivizing preferred practices; creating an inviting and environmentally responsible public realm from parks to streets to forgotten spaces; and finally how to implement these ecodesign concepts.
|
| 650 |
|
0 |
|a Architecture.
|
| 650 |
|
0 |
|a Environment.
|
| 650 |
1 |
4 |
|a Architecture / Design.
|
| 650 |
2 |
4 |
|a Cities, Countries, Regions.
|
| 650 |
2 |
4 |
|a Environment, general.
|
| 700 |
1 |
|
|a Beasley, Larry.
|e author.
|
| 710 |
2 |
|
|a SpringerLink (Online service)
|
| 773 |
0 |
|
|t Springer eBooks
|
| 776 |
0 |
8 |
|i Printed edition:
|z 9781597265218
|
| 856 |
4 |
0 |
|u http://dx.doi.org/10.5822/978-1-61091-406-2
|z Full Text via HEAL-Link
|
| 912 |
|
|
|a ZDB-2-ENG
|
| 950 |
|
|
|a Engineering (Springer-11647)
|